00527nai a2200157Ia 4500003000900000008004100009022002200050022002300072040001600095245003500111260003400146310001100180362002500191521006900216856008400285IN-BaIIA211028c9999 xx s 000 0 eng d a0935-9648 (Print) a1521-4095 (Online) cIIA Library 0aAdvanced Materialsh[eJournal] aNew JerseybJohn Wiley & Sons aWeekly a8(1); 1996 - Present bSubscribed through National Knowledge Resource Consortium (NKRC) uhttps://onlinelibrary.wiley.com/journal/15214095yClick Here to Access eJournal